书目信息 |
| 题名: |
电磁学与电动力学
|
|
| 作者: | 刘金英 编著 | |
| 分册: | ||
| 出版信息: | 北京 科学出版社 2005 |
|
| 页数: | 18,476页 | |
| 开本: | 26cm | |
| 丛书名: | 物理学大题典 | |
| 单 册: | ||
| 中图分类: | O441-44 , O442-44 | |
| 科图分类: | ||
| 主题词: | 电磁学--习题 , 电动力学--习题 , 电磁学 , 电动力学 | |
| 电子资源: | ||
| ISBN: | 978-7-03-015497-2 | |
| 000 | 01110oam2 2200325 450 | |
| 001 | 003000327 | |
| 005 | 20070805104034.03 | |
| 010 | @a978-7-03-015497-2@dCNY48.00 | |
| 035 | @a003000327 | |
| 100 | @a20040727e20072005em y0chiy0110 ea | |
| 101 | 0 | @achi |
| 102 | @aCN@b110000@b340000 | |
| 105 | @ay zq 000yy | |
| 106 | @ar | |
| 200 | 1 | @a电磁学与电动力学@Adian ci xue yu dian dong li xue@f刘金英[等]编著@Fliu jin ying [ deng ] bian zhu |
| 210 | @a北京@c科学出版社@a合肥@c中国科学技术大学出版社@d2005@h2007重印 | |
| 215 | @a18,476页@d26cm | |
| 225 | 2 | @a物理学大题典@Awu li xue da ti dian@v2 |
| 304 | @a编著者还有:陈银华、赵叔平、尤峻汉、朱俊杰、胡友秋 | |
| 330 | @a本书包括静电学、静磁场和似稳电磁场、电路分析、电磁波的辐射、相对论电动力学,以及电磁场与介质相互作用等内容。 | |
| 461 | 0 | @1001002989270@12001 @a物理学大题典 |
| 606 | 0 | @a电磁学@x习题 |
| 606 | 0 | @a电动力学@x习题 |
| 606 | 0 | @a电磁学 |
| 606 | 0 | @a电动力学 |
| 690 | @aO441-44@v4 | |
| 690 | @aO442-44@v4 | |
| 701 | 0 | @a刘金英@Aliu jin ying@c(女,@f1942~)@4编著 |
| 801 | 0 | @aCN@bNLC@c20070805 |
| 905 | @dO441-44@e118@f5 | |
| 电磁学与电动力学/刘金英[等]编著.-北京:科学出版社;合肥:中国科学技术大学出版社,2005(2007重印) |
| 18,476页;26cm.-(物理学大题典;2) |
| ISBN 978-7-03-015497-2:CNY48.00 |
| 本书包括静电学、静磁场和似稳电磁场、电路分析、电磁波的辐射、相对论电动力学,以及电磁场与介质相互作用等内容。 |
| ● |
| 相关链接 |
|
|
|
|
正题名:电磁学与电动力学
索取号:O441-44/118
 
预约/预借
| 序号 | 登录号 | 条形码 | 馆藏地/架位号 | 状态 | 备注 |
| 1 | 0852812 | 208528128 | 第二样本阅览室/ [索取号:O441-44/118] | 在馆 | |
| 2 | 0852813 | 208528137 | 第三借阅区/ [索取号:O441-44/118] | 在馆 | |
| 3 | 0852814 | 208528146 | 第三借阅区/ [索取号:O441-44/118] | 在馆 | |
| 4 | 0852815 | 208528155 | 第三借阅区/ [索取号:O441-44/118] | 在馆 | |
| 5 | 0852816 | 208528164 | 第三借阅区/ [索取号:O441-44/118] | 在馆 |